000 00609nam a2200217Ia 4500
005 20250508164758.0
008 008 250505s9999 xx 000 0 hin d
020 _a81-88459-04-6
037 _aTextual
040 _aFEDL
_beng
_cFEDL
041 _ahin
_2eng
084 _a301, SAT
_qFEDL
100 _aSatish Kumar
245 0 _aSamajshastra ke siddhant
260 _aPatna, India
_bBharti Bhavan Publishers and Distributers
_c2002
300 _axi,197p.
365 _aPrice varies
_b50
700 _a Sinha Anand Kumar
_9779144
942 _cTEXL
_h301, SAT
999 _c1391109
_d1391109